Thoroughfare - Ethel Cain (Lyrics) - Statistics

General Stats
  • This quiz has been taken 18 times
  • The average score is 419 of 469
Answer Stats
Answer % Correct
a
100%
and
100%
be"
100%
be
100%
by
100%
damn
100%
for
100%
i
100%
in
100%
it
100%
it"
100%
it's
100%
"it's
100%
leave
100%
left
100%
love
100%
me?
100%
me
100%
met
100%
no
100%
on
100%
one
100%
said
100%
see
100%
so
100%
the
100%
there
100%
time
100%
to
100%
you
100%
all
93%
america
93%
angry
93%
been
93%
but
93%
california
93%
can't
93%
'cause
93%
dad
93%
do
93%
fell
93%
florida
93%
had
93%
he
93%
"hey
93%
if
93%
knew
93%
long
93%
loves
93%
love's
93%
man
93%
meant
93%
much
93%
much)
93%
my
93%
need"
93%
need
93%
never
93%
of
93%
oh
93%
oh"
93%
old
93%
out
93%
since
93%
some
93%
somewhere
93%
sure
93%
texas
93%
thoroughfare
93%
wanna
93%
was
93%
wasn't
93%
we
93%
were
93%
west
93%
what
93%
when
93%
where
93%
who
93%
with
93%
years
93%
your
93%
child
87%
come
87%
differently
87%
ever
87%
finally
87%
first
87%
go
87%
heaven
87%
i'll
87%
made
87%
mother
87%
off
87%
saw
87%
seventeen
87%
southern
87%
started
87%
sunshine
87%
that
87%
then
87%
twelve
87%
up
87%
you're
87%
anywhere"
80%
at
80%
"baby
80%
baby
80%
could
80%
deep
80%
didn't
80%
don't
80%
found
80%
got
80%
"honey
80%
i'm
80%
is
80%
least
80%
loved
80%
luck
80%
motel
80%
now
80%
pistol
80%
pocket
80%
take
80%
these
80%
truck
80%
trust
80%
western
80%
after
73%
clothes
73%
doubt
73%
edge
73%
every
73%
far
73%
find
73%
get
73%
hopped
73%
i'd
73%
just
73%
know
73%
look
73%
might
73%
not
73%
once
73%
or
73%
reached
73%
right
73%
road
73%
rooms
73%
run
73%
side
73%
sweet
73%
this
73%
torn
73%
turned
73%
twice
73%
without
73%
beats
67%
coast
67%
diner
67%
"end
67%
faces
67%
heading"
67%
i've
67%
line
67%
maybe
67%
only
67%
our
67%
place
67%
think
67%
town
67%
walking
67%
"well
67%
chasing
60%
dumb
60%
into
60%
night
60%
small
60%
spend
60%
stared
60%
still
60%
wet
60%
air
53%
call
53%
hard
53%
lover
53%
outta
53%
pressed
53%
sweating
53%
yet
53%
yourself
53%
day
47%
driving
47%
lost
47%
pickup
47%
yeah
40%
(nothing
27%
oh-oh
13%
No matching quizzes found
Score Distribution
Percent of People with Each Score
Percentile by Number Answered
Your Score History
You have not taken this quiz